00311nam a2200109 4500003000500000082001600005100003200021245008500053260003300138300001100171650001900182NUST a621.382,GIL aGilani, Ehsan Anwar (TE-31) aISDN /cNC Ehsan Anwar Gilani, Asad Ullah Khan, Hasan Hafeez Khan and Fawad Amir aRawalpindibMCS (NUST)c1999 a91 p.; aProject Report